Times brasileiros nas Séries A, B, C e D em 2022 - Statistics

Estatísticas Gerais
  • Esse quiz foi jogado 1 460 vezes
  • A pontuação média é 62 de 124
Estatísticas das Respostas
Cidade Time % Correto
Rio de Janeiro (RJ) Flamengo
96%
Belo Horizonte (MG) Atlético - MG
95%
São Paulo (SP) São Paulo
95%
Rio de Janeiro (RJ) Fluminense
93%
Fortaleza (CE) Fortaleza
93%
Santos (SP) Santos
93%
Rio de Janeiro (RJ) Botafogo
92%
São Paulo (SP) Palmeiras
92%
Salvador (BA) Bahia
91%
Belo Horizonte (MG) Cruzeiro
91%
Goiânia (GO) Goiás
91%
Porto Alegre (RS) Grêmio
91%
São Paulo (SP) Corinthians
90%
Cuiabá (MT) Cuiabá
90%
Fortaleza (CE) Ceará
89%
Curitiba (PR) Coritiba
89%
Porto Alegre (RS) Internacional
89%
Belo Horizonte (MG) América - MG
88%
Criciúma (SC) Criciúma
88%
Chapecó (SC) Chapecoense
87%
Bragança Paulista (SP) RB Bragantino
86%
Recife (PE) Sport
86%
Goiânia (GO) Atlético - GO
84%
Londrina (PR) Londrina
82%
Brusque (SC) Brusque
81%
Curitiba (PR) Athletico
79%
Caxias do Sul (RS) Juventude
79%
Itu (SP) Ituano
78%
Campinas (SP) Ponte Preta
76%
Salvador (BA) Vitória
76%
Florianópolis (SC) Avaí
75%
Mirassol (SP) Mirassol
75%
Volta Redonda (RJ) Volta Redonda
73%
Maceió (AL) CRB
72%
Maceió (AL) CSA
72%
Belém (PA) Paysandu
71%
Caxias do Sul (RS) Caxias
70%
Campinas (SP) Guarani
70%
Recife (PE) Náutico
70%
Belém (PA) Remo
68%
Pelotas (RS) Brasil de Pelotas
67%
Rio de Janeiro (RJ) Vasco da Gama
66%
Tombos (MG) Tombense
65%
Natal (RN) ABC
64%
Manaus (AM) Manaus
64%
Altos (PI) Altos
63%
Novo Horizonte (SP) Novorizontino
63%
Natal (RN) América - RN
61%
Goiânia (GO) Vila Nova
61%
Florianópolis (SC) Figueirense
60%
Recife (PE) Santa Cruz
60%
Ponta Grossa (PR) Operário
58%
São Luís (MA) Sampaio Corrêa
57%
Ribeirão Preto (SP) Botafogo - SP
56%
Cascavel (PR) FC Cascavel
56%
Santo André (SP) Santo André
55%
Nova Iguaçu (RJ) Nova Iguaçu
54%
Curitiba (PR) Paraná
52%
Aparecida de Goiânia (GO) Aparecidense
51%
Cianorte (PR) Cianorte
51%
João Pessoa (PB) Botafogo - PB
50%
Taguatinga (DF) Brasiliense
49%
Manaus (AM) Amazonas
48%
Anápolis (GO) Anápolis
47%
Juazeiro (BA) Juazeirense
47%
Afogados da Ingazeira (PE) Afogados
45%
Arapiraca (AL) ASA
45%
Campina Grande (PB) Campinense
45%
Limeira (SP) Inter de Limeira
45%
São Bernardo do Campo (SP) São Bernardo
44%
Sousa (PB) Sousa
44%
Rio de Janeiro (RJ) Portuguesa - RJ
43%
Ceilândia (DF) Ceilândia
42%
Salgueiro (PE) Salgueiro
42%
Fortaleza (CE) Ferroviário
41%
Araraquara (SP) Ferroviária
40%
Erechim (RS) Ypiranga
40%
Aracaju (SE) Confiança
36%
Crato (CE) Crato
36%
Lagarto (SE) Lagarto
36%
Porto Alegre (RS) São José
36%
Feira de Santana (BA) Bahia de Feira
35%
São Luis (MA) Moto Club
35%
Tocantinópolis (TO) Tocantinópolis
35%
Pouso Alegre (MG) Pouso Alegre
34%
Poços de Caldas (MG) Caldense
31%
Aracaju (SE) Sergipe
30%
Castanhal (PA) Castanhal
29%
Fortaleza (CE) Floresta
29%
Costa Rica (MS) Costa Rica
27%
Iporá (GO) Iporá
27%
Barueri (SP) Oeste
27%
Pacajus (CE) Pacajus
26%
Porto Velho (RO) Porto Velho
26%
Riachão do Jacuípe (BA) Jacuipense
23%
Nova Venécia (ES) Nova Venécia
22%
Ceará-Mirim (RN) Globo
21%
Fortaleza (CE) Atlético - CE
20%
Juazeiro do Norte (CE) Icasa
20%
Belém (PA) Tuna Luso
19%
Ijuí (RS) São Luiz
18%
Jaraguá do Sul (SC) Juventus de Jaraguá
17%
Alagoinhas (BA) Atlético - BA
16%
Piripiri (PI) 4 de Julho
15%
Macapá (AP) Trem
15%
São Leopoldo (RS) Aimoré
14%
Palmeira dos Índios (AL) CSE
13%
Patos de Minas (MG) URT
13%
Teresina (PI) Fluminense - PI
12%
Anápolis (GO) Grêmio Anápolis
12%
Itajaí (SC) Marcílio Dias
12%
Pato Branco (PR) Azuriz
11%
Rio Branco (AC) Rio Branco - AC
11%
Porto Acre (AC) Humaitá
8%
Resende (RJ) Pérolas Negras
7%
Águia Branca (ES) Real Noroeste
6%
Boa Vista (RR) São Raimundo - RR
6%
Santo Antônio de Leverger (MT) Ação
5%
Caracaraí (RR) Náutico - RR
5%
Criciúma (SC) Próspera
5%
Cruz do Espírito Santo (PB) São Paulo - PB
5%
Manaus (AM) São Raimundo - AM
5%
Várzea Grande (MT) CEOV
4%
São Mateus do Maranhão (MA) Juventude - MA
4%
Nenhum quiz correspondente encontrado
Distribuição das Pontuações
Porcentagem de Pessoas com Cada Pontuação
Percentil de Números Respondidos
Sua Pontuação Histórica
Você não jogou esse quiz